Ideología y sociedad
Na minha lista:
| Autor principal: | |
|---|---|
| Formato: | Livro |
| Idioma: | Undetermined |
| Publicado em: |
Caracas, Venezuela
Universidad Central de Venezuela
1974
|
| Assuntos: | |
| Tags: |
Adicionar Tag
Sem tags, seja o primeiro a adicionar uma tag!
|
MARC
| LEADER | 00000nam a2200000Ia 4500 | ||
|---|---|---|---|
| 008 | 170316s9999 xx 000 0 und d | ||
| 090 | |a 100 C-31i | ||
| 100 | |a Colletti, Lucio | ||
| 245 | |a Ideología y sociedad | ||
| 260 | |a Caracas, Venezuela | ||
| 260 | |b Universidad Central de Venezuela | ||
| 260 | |c 1974 | ||
| 300 | |a 324 páginas | ||
| 650 | |a FILOSOFÍA | ||
| 999 | |c 15907 |d 15907 | ||
| 040 | |a cru BVZT | ||
| 942 | |c 15 D |h 100 C-31i |2 z | ||
